000 00564nam a2200217Ia 4500
003 OSt
005 20220928143522.0
006 a|||||r|||| 00| 0
007 ta
008 220927b |||||||| |||| 00| 0 eng d
024 _a22307
037 _cTextual
040 _aSDCL
_cSDCL
_beng
041 _2eng
_aeng
082 _aQ:3, L3
100 _aPalmer Humphrey
_9505564
245 0 _aAnalogy
_b A study of qualification and argument in theology.
260 _c1973
942 _hQ:3, L3
_cTEXL
_2CC
999 _c824305
_d824305